[Event "3rd Sharjah Masters 2019"]
[Site "Sharjah UAE"]
[Date "2019.03.24"]
[Round "3.38"]
[White "Akash, G"]
[Black "Ammar, Sedrani"]
[Result "1-0"]
[WhiteTitle "IM"]
[BlackTitle "FM"]
[WhiteElo "2411"]
[BlackElo "2137"]
[WhiteFideId "5040299"]
[BlackFideId "9312331"]
[EventDate "2019.03.22"]

1. e4 c6 2. d4 d5 3. e5 Bf5 4. Nf3 e6 5. Be2 Bb4+ 6. Nbd2 Nd7 7. O-O Ba5 8. Nb3
Bc7 9. Ne1 Ne7 10. a4 O-O 11. Nd3 b6 12. Be3 a5 13. f4 Be4 14. Nd2 f5 15. c3 c5
16. h3 Qe8 17. Kh2 Kh8 18. Ne1 h6 19. Nef3 Rc8 20. Ba6 Rd8 21. Bb5 c4 22. b3
cxb3 23. Qxb3 Rg8 24. Qa3 Qf7 25. Rac1 Nf8 26. c4 Nh7 27. cxd5 Nxd5 28. Nxe4
fxe4 29. Nd2 g5 30. Nxe4 gxf4 31. Bf2 f3 32. Qxf3 Qg6 33. Rxc7 Nxc7 34. Bd3 Qg7
35. Nf6 Ng5 36. Qh5 Nd5 37. Nxg8 Rxg8 38. Qg4 Qc7 39. Bg1 Qc3 40. Qe2 Nb4 41.
Bb1 Qc6 42. Rf6 Rg7 43. Rf8+ Rg8 44. Rf6 Rg7 45. Rxh6+ Kg8 46. Qh5 Nf7 47. Rg6
Qxa4 48. Rxg7+ Kxg7 49. Qg6+ Kf8 50. Qxe6 Qc6 51. Qxc6 Nxc6 52. e6 1-0

[Event "3rd Sharjah Masters 2019"]
[Site "Sharjah UAE"]
[Date "2019.03.24"]
[Round "3.40"]
[White "Zaibi, Amir"]
[Black "Thrish, Karthik"]
[Result "1-0"]
[WhiteTitle "IM"]
[WhiteElo "2386"]
[BlackElo "2096"]
[WhiteFideId "5500796"]
[BlackFideId "46626433"]
[EventDate "2019.03.22"]

1. c4 Nf6 2. Nc3 Nc6 3. d4 e5 4. d5 Ne7 5. e4 Ng6 6. Be3 d6 7. h3 Be7 8. Nf3 h5
9. Be2 h4 10. Rc1 O-O 11. O-O Nh7 12. b4 f5 13. c5 fxe4 14. Nxe4 Nf4 15. cxd6
cxd6 16. Nfd2 Nf6 17. Bxf4 Nxe4 18. Be3 Nxd2 19. Qxd2 Bf5 20. Rc4 b5 21. Rc6 Rf6
22. Rfc1 Rg6 23. Bh5 Rg5 24. Qd1 a5 25. bxa5 Qxa5 26. Ra1 Rf8 27. Bxg5 Bxg5 28.
Bg4 Bxg4 29. Qxg4 Qd2 30. Qe6+ Kh7 31. Rf1 Rxf2 32. Qg4 Rxf1+ 33. Kxf1 Qd3+ 34.
Qe2 Qxd5 35. Qh5+ Bh6 36. Qf5+ g6 37. Rc7+ Bg7 38. Qg4 Qxa2 39. Qxh4+ Kg8 40.
Rc8+ Kf7 41. Rc7+ Kg8 42. Kg1 Qb1+ 43. Kh2 Qf5 44. Qd8+ Bf8 45. Qd7 Qxd7 46.
Rxd7 b4 47. Kg3 b3 48. Rb7 Bh6 49. Kf3 d5 50. Rxb3 Kf7 51. Rb7+ Kf6 52. Rb6+ Kf7
53. Rd6 d4 54. Ke4 Bf4 55. Ra6 Kg7 56. Ra3 Kf6 57. g3 Be3 58. Ra6+ Kg5 59. Re6
Bf2 60. Rxe5+ Kh6 61. Kf3 Be3 62. Rd5 g5 63. Rd6+ Kg7 64. Ke4 Kf7 65. Kf5 Ke7
66. Rd5 Kf7 67. Rd7+ Ke8 68. Ke6 Kf8 69. h4 gxh4 70. gxh4 Bf2 71. Rf7+ 1-0

[Event "3rd Sharjah Masters 2019"]
[Site "Sharjah UAE"]
[Date "2019.03.24"]
[Round "3.44"]
[White "Shanya, Mishra"]
[Black "Boudriga, Mohamed Ali"]
[Result "1-0"]
[BlackTitle "IM"]
[WhiteElo "2026"]
[BlackElo "2369"]
[WhiteFideId "46656065"]
[BlackFideId "5500460"]
[EventDate "2019.03.22"]

1. d4 d6 2. c4 g6 3. e4 Bg7 4. Nf3 Bg4 5. Be2 Bxf3 6. Bxf3 c6 7. Nc3 Qb6 8. d5
Nf6 9. O-O O-O 10. Rb1 Nbd7 11. Be3 Qc7 12. Be2 Rfc8 13. Qd2 a6 14. Rfc1 Qd8 15.
f3 Ne8 16. b4 cxd5 17. cxd5 Nb6 18. a3 Nf6 19. Nd1 Nfd7 20. Qa2 Na4 21. Qd2 b5
22. Bd4 Bxd4+ 23. Qxd4 Rxc1 24. Rxc1 Rc8 25. Qd2 Rc7 26. Ne3 Qc8 27. Rxc7 Qxc7
28. Qc2 Qb6 29. Qd2 Qc7 30. Qc2 Nc3 31. Kf1 Nb6 32. Bd3 Nba4 33. Nd1 e6 34. dxe6
fxe6 35. Ke1 d5 36. exd5 exd5 37. Nxc3 Nxc3 38. Kd2 d4 39. Qb3+ Kg7 40. Qe6 Na4
41. g3 Nb2 42. Qe4 Qd6 43. Qb7+ Kh6 44. Qc8 Qe7 45. Be4 Nc4+ 46. Kd3 Nxa3 47.
Qc5 Qf7 48. Kxd4 Nc4 49. Kc3 Qf6+ 50. Qd4 Qe7 51. Qd1 a5 52. Qc1+ Kg7 53. bxa5
Nxa5 54. Qb2 Qc5+ 55. Kd3+ Kh6 56. Qd2+ g5 57. Qxa5 Qc4+ 58. Ke3 Qc5+ 59. Ke2
Qc4+ 60. Bd3 Qe6+ 61. Kf2 Qa2+ 62. Qxa2 1-0

[Event "3rd Sharjah Masters 2019"]
[Site "Sharjah UAE"]
[Date "2019.03.24"]
[Round "3.46"]
[White "Krithigga, K"]
[Black "Fenil, Shah"]
[Result "1-0"]
[BlackTitle "IM"]
[WhiteElo "2002"]
[BlackElo "2360"]
[WhiteFideId "25013505"]
[BlackFideId "5019850"]
[EventDate "2019.03.22"]

1. c4 e5 2. g3 Nf6 3. Bg2 Nc6 4. Nc3 Bc5 5. d3 d6 6. Nf3 O-O 7. O-O a6 8. a3 Ba7
9. b4 h6 10. e3 Rb8 11. Bb2 Be6 12. Rc1 Qd7 13. Re1 Bh3 14. Bh1 Ng4 15. Nd5 f5
16. d4 f4 17. exf4 exf4 18. b5 fxg3 19. hxg3 Nce5 20. b6 Bxb6 21. c5 Rxf3 22.
Bxf3 Nxf3+ 23. Qxf3 Rf8 24. Nf4 dxc5 25. Qb3+ Kh7 26. Qc2+ Kg8 27. Qc4+ Kh7 28.
Qd3+ Kg8 29. Nxh3 cxd4 30. Qc4+ Kh8 31. Qe6 Qxe6 32. Rxe6 d3 33. Rd1 Nxf2 34.
Nxf2 Bxf2+ 35. Kg2 Bc5 36. Rf1 d2 37. Rxf8+ Bxf8 38. Rxh6+ Kg8 39. Rh1 b5 40.
Rd1 b4 41. Rxd2 a5 42. axb4 axb4 43. Rc2 c5 44. Kf3 Kf7 45. Ke4 Ke6 46. Rc4 Kd6
47. Kd3 Ke6 48. Rg4 Kf7 49. Kc4 g6 50. Bc1 Bd6 51. Be3 Kf6 52. Bxc5 Bc7 53. Bf2
Kf5 54. Rd4 Be5 55. Rd3 Bc3 56. Rxc3 bxc3 57. Kxc3 Ke4 58. Bb6 g5 59. Bc7 g4 60.
Kc4 1-0

[Event "3rd Sharjah Masters 2019"]
[Site "Sharjah UAE"]
[Date "2019.03.25"]
[Round "4.2"]
[White "Inarkiev, Ernesto"]
[Black "Nihal, Sarin"]
[Result "1-0"]
[WhiteTitle "GM"]
[BlackTitle "GM"]
[WhiteElo "2692"]
[BlackElo "2578"]
[WhiteFideId "4162722"]
[BlackFideId "25092340"]
[EventDate "2019.03.22"]

1. e4 c5 2. Nf3 d6 3. d4 cxd4 4. Nxd4 Nf6 5. Nc3 Nc6 6. Bg5 e6 7. Qd2 a6 8.
O-O-O Be7 9. f4 Bd7 10. Nf3 b5 11. Bxf6 gxf6 12. Kb1 Qb6 13. Bd3 O-O-O 14. Rhe1
Na5 15. f5 Kb8 16. fxe6 fxe6 17. Ne2 Nc6 18. Nf4 Ne5 19. Bf1 Ng6 20. g3 Nxf4 21.
gxf4 Rhe8 22. Bh3 Bf8 23. Qc3 e5 24. Bxd7 Rxd7 25. fxe5 fxe5 26. Nh4 Rc8 27. Qf3
Bh6 28. Nf5 Bf4 29. h4 Rc6 30. Re2 Rdc7 31. Qh5 Qc5 32. Qe8+ Ka7 33. Ne7 Rb6 34.
Nd5 Rc8 35. Qe6 Qc4 36. Rg2 Rb7 37. Qf5 Bh6 38. a3 a5 39. Qf2+ Ka6 40. Qe1 Qc5
41. Rd3 Rbb8 42. Rf2 b4 43. axb4 axb4 44. Rb3 Rb5 45. Nxb4+ Ka7 46. Rf7+ Rc7 47.
Rxc7+ Qxc7 48. Qf2+ Qc5 49. Qf7+ Ka8 50. Ra3+ Ra5 51. Qg8+ 1-0

[Event "3rd Sharjah Masters 2019"]
[Site "Sharjah UAE"]
[Date "2019.03.25"]
[Round "4.5"]
[White "Sargissian, Gabriel"]
[Black "Megaranto, Susanto"]
[Result "1-0"]
[WhiteTitle "GM"]
[BlackTitle "GM"]
[WhiteElo "2689"]
[BlackElo "2526"]
[WhiteFideId "13300881"]
[BlackFideId "7101384"]
[EventDate "2019.03.22"]

1. d4 d5 2. c4 Nc6 3. Nf3 Bg4 4. cxd5 Bxf3 5. gxf3 Qxd5 6. e3 e5 7. Nc3 Bb4 8.
Bd2 Bxc3 9. bxc3 Qd6 10. f4 exf4 11. e4 O-O-O 12. Bg2 Nge7 13. Qg4+ f5 14. Qxf4
Qxf4 15. Bxf4 fxe4 16. Bxe4 Nd5 17. Bxd5 Rxd5 18. Kd2 Re8 19. Be3 Rh5 20. h4 Re4
21. Rag1 g6 22. Bg5 Kd7 23. Kd3 Re8 24. Be3 Rf8 25. Rg5 Rf5 26. Rhg1 Nd8 27.
Rxf5 Rxf5 28. Rg5 Rxg5 29. hxg5 c6 30. c4 Nf7 31. Bf4 Ke6 32. Ke4 Nd6+ 33. Bxd6
Kxd6 34. d5 a6 35. dxc6 bxc6 36. Kd4 a5 37. c5+ Ke6 38. Ke4 a4 39. a3 1-0

[Event "3rd Sharjah Masters 2019"]
[Site "Sharjah UAE"]
[Date "2019.03.25"]
[Round "4.7"]
[White "Maghsoodloo, Parham"]
[Black "Stany, G.A."]
[Result "1-0"]
[WhiteTitle "GM"]
[BlackTitle "GM"]
[WhiteElo "2673"]
[BlackElo "2507"]
[WhiteFideId "12539929"]
[BlackFideId "5029104"]
[EventDate "2019.03.22"]

1. Nf3 Nf6 2. c4 e6 3. g3 d5 4. Bg2 dxc4 5. Qa4+ c6 6. Qxc4 b5 7. Qc2 Bb7 8. a4
a6 9. O-O Nbd7 10. Nc3 Rc8 11. Rd1 Be7 12. d3 O-O 13. e4 h6 14. h3 Re8 15. Be3
e5 16. d4 exd4 17. Nxd4 b4 18. Nb1 c5 19. Nf5 Bf8 20. Nd2 c4 21. Nxc4 Bxe4 22.
Bxe4 Rxe4 23. b3 Qe8 24. Qe2 Qe6 25. Nfd6 Bxd6 26. Nxd6 Qxh3 27. Qf1 Qxf1+ 28.
Kxf1 Rxe3 29. Nxc8 Rxb3 30. Ne7+ Kh7 31. Nc6 Nc5 32. Rd4 Ra3 33. Rxa3 bxa3 34.
Rd2 Nxa4 35. Ra2 Nc5 36. Rxa3 Nfd7 37. Ke2 h5 38. Ke3 g5 39. Nd8 Kg6 40. Kd4 a5
41. Kd5 a4 42. Kd6 f6 43. Nc6 Kf5 44. f3 h4 45. Ne7# 1-0

[Event "3rd Sharjah Masters 2019"]
[Site "Sharjah UAE"]
[Date "2019.03.25"]
[Round "4.8"]
[White "Vishnu Prasanna, V"]
[Black "Sjugirov, Sanan"]
[Result "1/2-1/2"]
[WhiteTitle "GM"]
[BlackTitle "GM"]
[WhiteElo "2524"]
[BlackElo "2667"]
[WhiteFideId "5030692"]
[BlackFideId "4189302"]
[EventDate "2019.03.22"]

1. e4 c5 2. Nf3 d6 3. Bb5+ Bd7 4. Bxd7+ Nxd7 5. O-O Ngf6 6. Qe2 Rc8 7. Rd1 Qc7
8. b3 Qc6 9. Nc3 e5 10. Nd5 Nxd5 11. exd5 Qc7 12. d4 cxd4 13. Nxd4 g6 14. Nb5
Qb8 15. a4 Be7 16. Bh6 a6 17. Na3 f5 18. Nc4 b6 19. g4 Rg8 20. Kh1 Qb7 21. gxf5
gxf5 22. Ne3 f4 23. Nf5 Nf6 24. Bxf4 Qd7 25. Nxe7 Kxe7 26. Bg3 Qf5 27. c4 Ne4
28. Rg1 Kd7 29. Rae1 Rg4 30. f3 Nxg3+ 31. Rxg3 Rxg3 32. hxg3 h5 33. Kg2 Rg8 34.
Qf2 h4 35. g4 h3+ 36. Kg1 Qf4 37. Re4 Rxg4+ 1/2-1/2

[Event "3rd Sharjah Masters 2019"]
[Site "Sharjah UAE"]
[Date "2019.03.25"]
[Round "4.10"]
[White "Nguyen, Anh Khoi"]
[Black "Ganguly, Surya Shekhar"]
[Result "1-0"]
[WhiteTitle "IM"]
[BlackTitle "GM"]
[WhiteElo "2484"]
[BlackElo "2633"]
[WhiteFideId "12404675"]
[BlackFideId "5002150"]
[EventDate "2019.03.22"]

1. d4 Nf6 2. c4 g6 3. Nc3 Bg7 4. e4 d6 5. Nge2 O-O 6. f3 c5 7. d5 e6 8. Ng3 exd5
9. cxd5 a6 10. a4 Nbd7 11. Be2 Ne8 12. O-O Rb8 13. f4 Nc7 14. e5 f5 15. exf6
Nxf6 16. f5 gxf5 17. Bg5 Qe8 18. Nxf5 Bxf5 19. Rxf5 b5 20. axb5 axb5 21. Bd3 c4
22. Bb1 b4 23. Ne2 h6 24. Bc1 Ncxd5 25. Rf3 Qe5 26. Ra7 Rbe8 27. Qc2 Qe4 28.
Rxg7+ Kxg7 29. Bxh6+ Kxh6 30. Qd2+ Qe3+ 31. Rxe3 Nxe3 32. Qxd6 Kg7 33. h3 Rf7
34. Nd4 Rd7 35. Qg3+ Kf8 36. Qh4 Kf7 37. Qg5 Rxd4 38. Bg6+ Ke6 39. Qxe3+ Re4 40.
Bxe4 Kf7 41. Qa7+ 1-0

[Event "3rd Sharjah Masters 2019"]
[Site "Sharjah UAE"]
[Date "2019.03.25"]
[Round "4.11"]
[White "Adly, Ahmed"]
[Black "Nasanjargal, Urtnasan"]
[Result "1-0"]
[WhiteTitle "GM"]
[BlackTitle "FM"]
[WhiteElo "2611"]
[BlackElo "2503"]
[WhiteFideId "10601619"]
[BlackFideId "4900774"]
[EventDate "2019.03.22"]

1. d4 g6 2. g3 Bg7 3. Bg2 d5 4. c4 c6 5. cxd5 cxd5 6. Nc3 e6 7. h4 Nc6 8. Nf3 h6
9. Bf4 Qb6 10. O-O Nge7 11. Qb3 Bd7 12. Qxb6 axb6 13. e3 O-O 14. Rfc1 Rfc8 15.
Bf1 f6 16. Bd6 Nf5 17. Ba3 Bf8 18. Bxf8 Kxf8 19. g4 Nd6 20. g5 hxg5 21. hxg5 f5
22. Ne2 Be8 23. Nf4 Bf7 24. Kg2 Kg7 25. Be2 Nb4 26. Ne5 Ne4 27. a3 Rxc1 28. Rxc1
Nc6 29. Nf3 Nd6 30. Bd3 Rc8 31. Rc3 Na7 32. Rxc8 Naxc8 33. Ne5 Na7 34. Nd7 Ndc8
35. Kf1 Nc6 36. Bb5 N6a7 37. Bd3 Nc6 38. Ke1 Be8 39. Nf6 Bf7 40. Nd7 Be8 41.
Nxe6+ Kf7 42. Nf6 Kxe6 43. Nxe8 Kd7 44. Nf6+ Ke6 45. Bb1 Nd6 46. Ba2 Ne7 47. f3
b5 48. e4 Nc4 49. a4 Nxb2 50. axb5 Nd3+ 51. Kd2 Nf4 52. Nxd5 Nexd5 53. Bxd5+
Nxd5 54. exd5+ Kxd5 55. Kc3 f4 56. Kd3 b6 57. Kc3 Ke6 58. Kc4 Kd6 59. d5 Ke5 60.
d6 Kxd6 61. Kd4 1-0

[Event "3rd Sharjah Masters 2019"]
[Site "Sharjah UAE"]
[Date "2019.03.25"]
[Round "4.12"]
[White "Lorparizangeneh, Shahin"]
[Black "Zubov, Alexander"]
[Result "0-1"]
[WhiteTitle "GM"]
[BlackTitle "GM"]
[WhiteElo "2493"]
[BlackElo "2605"]
[WhiteFideId "12521604"]
[BlackFideId "14109409"]
[EventDate "2019.03.22"]

1. e4 c5 2. Nf3 d6 3. Bb5+ Nc6 4. O-O Bd7 5. Re1 Nf6 6. c3 a6 7. Bc4 Bg4 8. d4
e6 9. d5 Ne5 10. Be2 Bxf3 11. Bxf3 exd5 12. exd5 Be7 13. a4 O-O 14. Be2 Re8 15.
Na3 Bf8 16. Bg5 h6 17. Bh4 Ng6 18. Bg3 Ne7 19. Qd3 g6 20. h3 Rb8 21. Bf3 Nf5 22.
Bh2 Rxe1+ 23. Rxe1 h5 24. g4 hxg4 25. hxg4 Nh4 26. Bd1 g5 27. f4 Ng6 28. f5 Ne5
29. Bxe5 dxe5 30. Rxe5 Bd6 31. Re1 Kg7 32. Nc4 Bf4 33. Kg2 b5 34. axb5 axb5 35.
Ne3 Qd6 36. Bf3 Rh8 37. Rh1 Re8 38. Nc2 b4 39. cxb4 cxb4 40. Re1 Rh8 41. Rh1 Re8
42. Re1 Rh8 43. Rh1 Rc8 44. Nd4 Qe5 45. Rd1 Rh8 46. Rh1 Rxh1 47. Kxh1 Qe1+ 48.
Kg2 Be3 49. Qd1 Qf2+ 50. Kh1 Qh4+ 51. Kg2 Qf2+ 52. Kh1 Bxd4 53. b3 Qh4+ 54. Kg2
Qf2+ 55. Kh1 Be5 56. Qe2 Qxe2 0-1

[Event "3rd Sharjah Masters 2019"]
[Site "Sharjah UAE"]
[Date "2019.03.25"]
[Round "4.13"]
[White "Idani, Pouya"]
[Black "Iniyan, P"]
[Result "1-0"]
[WhiteTitle "GM"]
[BlackTitle "IM"]
[WhiteElo "2604"]
[BlackElo "2487"]
[WhiteFideId "12510130"]
[BlackFideId "25002767"]
[EventDate "2019.03.22"]

1. d4 Nf6 2. c4 g6 3. g3 Bg7 4. Bg2 O-O 5. Nf3 d6 6. Nc3 Nc6 7. O-O Bg4 8. d5
Na5 9. Qa4 c5 10. dxc6 Nxc6 11. Be3 Nd7 12. Qc2 Qa5 13. Rac1 Rfc8 14. Qd2 a6 15.
b3 Nc5 16. h3 Bxc3 17. Qxc3 Qxc3 18. Rxc3 Bxf3 19. exf3 a5 20. Rb1 Ne6 21. f4 a4
22. b4 Ncd4 23. Kf1 Rc7 24. b5 Kf8 25. g4 Ke8 26. Bd5 f5 27. Rd1 Nxb5 28. Rcc1 1-0

[Event "3rd Sharjah Masters 2019"]
[Site "Sharjah UAE"]
[Date "2019.03.25"]
[Round "4.14"]
[White "Dimakiling, Oliver"]
[Black "Gupta, Abhijeet"]
[Result "0-1"]
[WhiteTitle "IM"]
[BlackTitle "GM"]
[WhiteElo "2423"]
[BlackElo "2602"]
[WhiteFideId "5202248"]
[BlackFideId "5010608"]
[EventDate "2019.03.22"]

1. Nf3 Nf6 2. d4 g6 3. Bf4 Bg7 4. c3 d6 5. h3 O-O 6. Nbd2 Nbd7 7. e4 e5 8. dxe5
dxe5 9. Be3 Qe7 10. Qc2 b6 11. Bc4 Bb7 12. b4 Kh8 13. O-O Nh5 14. Rfe1 f5 15.
exf5 gxf5 16. Ng5 h6 17. Qd1 f4 18. Ne6 fxe3 19. Rxe3 Nf4 20. Nxf8 Rxf8 21. Nf3
e4 22. Nh2 Ne5 23. Bf1 Nd5 24. Rg3 e3 25. Qb3 Qf6 26. f3 Qh4 27. Rxg7 Kxg7 28.
c4 e2 29. Qb2 exf1=Q+ 30. Rxf1 Qf6 31. Qa3 Nf4 32. Qxa7 Ne2+ 33. Kf2 Nd3+ 34.
Kxe2 Qb2+ 35. Kxd3 Rd8+ 0-1

[Event "3rd Sharjah Masters 2019"]
[Site "Sharjah UAE"]
[Date "2019.03.25"]
[Round "4.15"]
[White "Pichot, Alan"]
[Black "Vokhidov, Shamsiddin"]
[Result "1/2-1/2"]
[WhiteTitle "GM"]
[BlackTitle "IM"]
[WhiteElo "2584"]
[BlackElo "2494"]
[WhiteFideId "110973"]
[BlackFideId "14204223"]
[EventDate "2019.03.22"]

1. e4 e5 2. Nf3 Nc6 3. Bb5 Nf6 4. O-O Nxe4 5. Re1 Nd6 6. Nxe5 Nxe5 7. Rxe5+ Be7
8. Bf1 O-O 9. d4 Bf6 10. Re1 Re8 11. Rxe8+ Nxe8 12. d5 c6 13. g3 cxd5 14. Qxd5
d6 15. Bg2 Qe7 16. Qe4 Be6 17. Nc3 Bxc3 18. bxc3 d5 19. Qd4 Qf6 20. Be3 Qxd4 21.
Bxd4 Nd6 22. a4 a6 23. Rb1 b5 24. Ra1 Rc8 25. Bf1 h6 26. f3 Bd7 27. axb5 1/2-1/2

[Event "3rd Sharjah Masters 2019"]
[Site "Sharjah UAE"]
[Date "2019.03.25"]
[Round "4.16"]
[White "Yakubboev, Nodirbek"]
[Black "Praveen, Kumar C"]
[Result "1/2-1/2"]
[WhiteTitle "IM"]
[BlackTitle "IM"]
[WhiteElo "2569"]
[BlackElo "2243"]
[WhiteFideId "14203987"]
[BlackFideId "5007372"]
[EventDate "2019.03.22"]

1. d4 d5 2. c4 c6 3. Nf3 Nf6 4. e3 Bf5 5. Nc3 e6 6. Nh4 Be4 7. f3 Bg6 8. Qb3 Qc7
9. Bd2 Nbd7 10. Rc1 Rc8 11. g3 Be7 12. Kf2 O-O 13. Nxg6 hxg6 14. cxd5 exd5 15.
Bd3 Qb6 16. Qxb6 axb6 17. a4 Rfd8 18. Ne2 Nb8 19. h4 c5 20. Nc3 Nc6 21. Nb5 Na5
22. Bc2 Nc4 23. Bc3 Re8 24. g4 Bf8 25. g5 Nh5 26. Rce1 Nd6 27. Bd3 Nf5 28. Rhg1
Re6 29. Rg4 Bd6 30. Nxd6 Nxd6 31. b4 c4 32. Bc2 b5 33. a5 Rce8 34. Rgg1 R6e7 35.
Rg4 Re6 36. Re2 R6e7 37. Ba1 Re6 38. Bb2 R6e7 39. Bc3 Re6 40. Ba1 R6e7 41. Bc3
Re6 42. Re1 R6e7 43. Bb1 Re6 44. Rgg1 R6e7 45. Rg4 Re6 46. Bc2 1/2-1/2

[Event "3rd Sharjah Masters 2019"]
[Site "Sharjah UAE"]
[Date "2019.03.25"]
[Round "4.18"]
[White "Kunal, M."]
[Black "Chanda, Sandipan"]
[Result "0-1"]
[BlackTitle "GM"]
[WhiteElo "2258"]
[BlackElo "2534"]
[WhiteFideId "5018250"]
[BlackFideId "5004225"]
[EventDate "2019.03.22"]

1. e4 c5 2. Nf3 d6 3. d4 cxd4 4. Nxd4 Nf6 5. Nc3 a6 6. Bg5 e6 7. f4 Qb6 8. Qd2
Qxb2 9. Rb1 Qa3 10. e5 h6 11. Bh4 dxe5 12. fxe5 g5 13. Bf2 Ng4 14. Bg3 Bg7 15.
Bb5+ Nd7 16. Bxd7+ Bxd7 17. Rxb7 Rd8 18. O-O O-O 19. Ne4 Qe3+ 20. Qxe3 Nxe3 21.
Rc1 Nc4 22. Nf3 g4 23. Rc7 Bb5 24. a4 gxf3 25. axb5 axb5 26. Nf6+ Bxf6 27. exf6
fxg2 28. Rc5 Rd2 29. Bf4 Re2 30. Rxb5 Rd8 31. Rb3 Kh7 32. Rh3 e5 33. Rxh6+ Kg8
34. Bg5 Nd6 35. Rd1 Nb7 36. Rb1 Nc5 37. Rh4 Ne6 38. Rg4 Kh7 39. h4 Kg6 40. Rxg2
Rxg2+ 41. Kxg2 Nxg5 42. hxg5 Kxg5 43. Kf3 Kxf6 44. Rc1 Ke6 45. c4 f5 46. c5 Rc8
47. Ke3 Rc6 0-1

[Event "3rd Sharjah Masters 2019"]
[Site "Sharjah UAE"]
[Date "2019.03.25"]
[Round "4.19"]
[White "Deepan, Chakkravarthy J."]
[Black "Rathnakaran, K."]
[Result "1-0"]
[WhiteTitle "GM"]
[BlackTitle "IM"]
[WhiteElo "2534"]
[BlackElo "2361"]
[WhiteFideId "5011132"]
[BlackFideId "5005507"]
[EventDate "2019.03.22"]

1. e4 e6 2. d4 d5 3. Nd2 Nf6 4. e5 Nfd7 5. Bd3 c5 6. c3 Nc6 7. Ne2 Qb6 8. Nf3 a5
9. O-O Be7 10. a3 a4 11. Bc2 Qa7 12. c4 dxc4 13. Bf4 cxd4 14. Nexd4 Nxd4 15.
Nxd4 g5 16. Bg3 h5 17. h3 Qc5 18. Bxa4 h4 19. Bh2 Rxa4 20. Qxa4 Qxd4 21. Rac1 b5
22. Qxb5 Qd5 23. Qa4 Bb7 24. f3 O-O 25. Rfd1 Bc5+ 26. Kf1 Nb6 27. Qb5 Qc6 28.
Qxc6 Bxc6 29. Bg1 Bxg1 30. Kxg1 Bd5 31. Rd4 Rb8 32. Rg4 Kf8 33. Rxg5 Na4 34. Rh5
Kg7 35. Rxh4 Nxb2 36. Rg4+ Kh7 37. Rc2 Nd3 38. f4 Rb1+ 39. Kh2 Rb2 40. Rc3 Nxf4
41. Rcg3 Rxg2+ 42. Rxg2 Nxg2 43. a4 c3 44. Rg3 c2 45. Rc3 Ne1 46. a5 Kg6 47. Kg1
Nf3+ 48. Kf2 Nxe5 49. Rxc2 Nc6 50. Rc5 f5 51. a6 f4 52. Rb5 Na7 53. Rc5 Nc6 54.
Rb5 Na7 55. Rc5 Bc6 56. h4 Kf6 57. h5 e5 58. h6 e4 59. Rh5 e3+ 60. Ke1 Kg6 61.
h7 Kxh5 62. h8=Q+ Kg6 63. Qd4 1-0

[Event "3rd Sharjah Masters 2019"]
[Site "Sharjah UAE"]
[Date "2019.03.25"]
[Round "4.20"]
[White "Omar, Noaman"]
[Black "Kuybokarov, Temur"]
[Result "1/2-1/2"]
[WhiteTitle "IM"]
[BlackTitle "GM"]
[WhiteElo "2356"]
[BlackElo "2519"]
[WhiteFideId "9300244"]
[BlackFideId "14203049"]
[EventDate "2019.03.22"]

1. d4 g6 2. c4 Bg7 3. e4 d6 4. Nc3 c5 5. d5 Bxc3+ 6. bxc3 Nf6 7. Qc2 e5 8. g3
Qe7 9. h4 Nbd7 10. Bg5 h6 11. Bd2 Nb6 12. Bd3 Bd7 13. Qc1 Qf8 14. f3 O-O-O 15.
Ne2 Ne8 16. h5 g5 17. g4 Ng7 18. Ng3 Kc7 19. Ke2 Ra8 20. Rb1 Qe7 21. Qa3 Rhb8
22. Nf1 f6 23. Ne3 Kd8 24. Rb3 Be8 25. Rhb1 Ba4 26. R3b2 Qd7 27. Be1 Nc8 28. Bf2
Ne7 29. Bc2 Bxc2 30. Nxc2 Nc8 31. Kd3 Ne8 32. Be1 b6 33. Ne3 Ne7 34. Rb3 Nc7 35.
Bd2 Rb7 36. Be1 Rab8 37. Bd2 a5 38. Qc1 a4 39. R3b2 Ke8 40. Nc2 Nc8 41. Na3 Na7
42. Nb5 Naxb5 43. cxb5 Ra8 44. c4 Kf7 45. Bc3 Ne8 46. Rf2 Kg8 47. Bd2 Qc8 48.
Qc2 Rg7 49. Ke2 Kh8 50. Qd3 Kg8 51. Rc1 Kh8 52. Rc3 Kg8 53. Ra3 Kh8 54. Qc2 Rga7
55. Be3 Kg8 56. Bd2 Kh8 57. Be3 Kg8 58. Bd2 Kh8 1/2-1/2

[Event "3rd Sharjah Masters 2019"]
[Site "Sharjah UAE"]
[Date "2019.03.25"]
[Round "4.21"]
[White "Venkatesh, M.R."]
[Black "Raghunandan, Kaumandur Srihari"]
[Result "1/2-1/2"]
[WhiteTitle "GM"]
[BlackTitle "IM"]
[WhiteElo "2517"]
[BlackElo "2352"]
[WhiteFideId "5005779"]
[BlackFideId "25004964"]
[EventDate "2019.03.22"]

1. e4 g6 2. d4 Bg7 3. Nc3 d6 4. Bg5 a6 5. Qd2 b5 6. f3 Nd7 7. a4 b4 8. Nd5 a5 9.
c3 c6 10. Ne3 Ngf6 11. Bd3 O-O 12. Ne2 Ba6 13. O-O c5 14. Bxa6 Rxa6 15. Qd3 Qa8
16. Bxf6 Nxf6 17. e5 dxe5 18. dxe5 Rd8 19. Qc4 Nd5 20. Nxd5 Rxd5 21. e6 fxe6 22.
Nf4 Rdd6 23. Rfe1 Qf8 24. Re4 Qf7 25. Nd3 Qf5 26. Rae1 Qd5 27. Nf4 Qxc4 28. Rxc4
Kf7 29. Kf1 bxc3 30. bxc3 Rab6 31. Rxc5 Rdc6 32. Rxc6 Rxc6 33. Ne2 Rc4 34. Ra1
e5 35. Ra3 e4 36. fxe4 Rxe4 37. Kf2 Ke6 38. Kf3 Rc4 39. Ke3 Be5 40. h3 g5 41.
Kd3 Kd5 42. Ra1 Bf6 43. Ra2 h5 44. Ra3 g4 45. Rb3 Rxa4 46. Rb5+ Kc6 47. Rxh5
gxh3 48. gxh3 Kd6 1/2-1/2

[Event "3rd Sharjah Masters 2019"]
[Site "Sharjah UAE"]
[Date "2019.03.25"]
[Round "4.22"]
[White "Arencibia Rodriguez, Walter"]
[Black "Shailesh, Dravid"]
[Result "0-1"]
[WhiteTitle "GM"]
[BlackTitle "FM"]
[WhiteElo "2506"]
[BlackElo "2316"]
[WhiteFideId "3500012"]
[BlackFideId "25017969"]
[EventDate "2019.03.22"]

1. Nf3 Nf6 2. g3 g6 3. b3 Bg7 4. Bb2 O-O 5. Bg2 c5 6. c4 Nc6 7. O-O d6 8. d4 Ne4
9. e3 f5 10. Qe2 cxd4 11. exd4 e5 12. d5 Nd4 13. Nxd4 exd4 14. Qd3 Qf6 15. Na3
Nc3 16. Bxc3 dxc3 17. Nb5 f4 18. Nc7 Bf5 19. Be4 Bh3 20. Rfe1 fxg3 21. Qxg3 Rac8
22. Ne6 Bxe6 23. dxe6 Qe7 24. f4 b5 25. cxb5 c2 26. Rac1 d5 27. Bd3 Bb2 28. Qe3
Bxc1 29. Rxc1 Rf6 0-1